The piano music

Uloženo v:
Podrobná bibliografie
Hlavní autor: Villa-Lobos, Heitor (Autor)
Médium: Kniha
Jazyk:angličtina
Vydáno: Nueva York Amsco Publications 1973
Vydání:1a. ed
Témata:
Tagy: Přidat tag
Žádné tagy, Buďte první, kdo vytvoří štítek k tomuto záznamu!

MARC

LEADER 00000cam a2200000 a 4500
001 UCE2734
003 CL-VaPUC
008 140724e19730000us |||||||||||||||||eng|d
020 |a 0825640628 
082 0 4 |a Pn786.2  |b VIL  |2 21 
100 0 |a Villa-Lobos, Heitor  |e author  |9 575302 
245 1 4 |a The piano music 
250 |a 1a. ed 
300 |a 166 p 
942 |c BK 
945 |d 20140724 10:48:00  |a dcastane 
260 |a Nueva York  |b Amsco Publications  |c 1973 
650 0 |a Música para piano  |9 306528 
650 0 |a Partituras  |9 324008 
583 |a last modification  |c 20140724 10:48:00  |k Rodrigo Vera 
999 |c 356309  |d 356307 
952 |0 0  |1 0  |3 erb  |4 0  |6 PN_786_200000000000000_VIL_1973  |7 0  |8 X  |9 463578  |a BIBEDU  |b BIBEDU  |i 5090784  |l 4  |o Pn786.2 VIL 1973  |p 5090784  |r 2023-11-22  |s 2023-03-23  |w 2019-11-23  |y BK_X  |z Catalogado en:20140724  |k MUS